Sanatın ışığında 78 yıl : (Record no. 13421)

MARC details
000 -BAŞLIK
Sabit Uzunlukta Kontrol Alanı 01252nam a22003017a 4500
999 ## - SİSTEM KONTROL NUMARALARI (KOHA)
Koha Biblionumber 13421
Koha Biblioitemnumber 13421
003 - KONTROL NUMARASI IDENTIFIER
Denetim Alanı MIRAKIL
005 - SON İŞLEM TARİHİ VE ZAMANI
Denetim Alanı 20190719105438.0
008 - SABİT-BOY VERİ ELEMANLARI - GENEL BİLGİLER
Sabit Uzunlukta Kontrol Alanı 190719b tu ||||| |||| 00| 0 tur d
020 ## - ULUSLARARASI STANDART KİTAP NUMARASI
Uluslararası Standart Kitap Numarası 9786052958209
040 ## - KATALOGLAMA KAYNAK
Orijinal Kataloglama Ajansı TR-AnCHP
Metne Dönüştürmek Ajansı TR-AnCHP
041 ## - DİL KODU
Metin / Ses Parça Veya Ayrı Başlığın Dil Kodu tur
082 ## - DEWEY ONLU SINIFLANDIRMA NUMARASI
Sınıflandırma Numarası 927.780
Ürün Numarası S25 2019
245 10 - BAŞLIK TABLOSU
Başlık Sanatın ışığında 78 yıl :
Başlığın Kalan Atatürk'ün önderliğinde Türkiye'nin çağdaş sanat mücadelesi /
Sorumluluk Tablosu, Vb yayına hazırlayan Ahmet Altar.
246 ## - UNVAN FORM VARYING
Başlık Doğru / Kısa Başlığı Atatürk'ün önderliğinde Türkiye'nin çağdaş sanat mücadelesi
246 ## - UNVAN FORM VARYING
Başlık Doğru / Kısa Başlığı Cevad Memduh Altar anıları
260 ## - YAYIN, DAĞITIM, VB
Yayın, Dağıtım, Vb Yeri İstanbul :
Yayıncı, Dağıtıcı, Vs Adı Türkiye İş Bankası Kültür yayınları,
Yayın, Dağıtım, Vb Tarihi 2019.
300 ## - FİZİKSEL TANIM
Kapsam xxv, 821 s.:
Diğer Fiziksel Ayrıntıları fotg.;
Boyutlar 20sm.
490 0# - SERİSİ TABLOSU
Seri Beyanı Türkiye İş Bankası Kültür yayınları;
Hacim / Ardışık Tanımı genel yayın: 4493
504 ## - KAYNAKÇA VB NOT
Kaynakça Vb Notu Dizin vardır.
600 #0 - KONU KATMA GİRİŞ - KURUMSAL ADI
9 (RLIN) 5891
Kişisel Ad Altar, Cevad Memduh
Bir Adıyla İlişkilendirilen Tarihler 1902-1995
Genel Alt Bölümü yaşamöyküsü
600 #0 - KONU KATMA GİRİŞ - KURUMSAL ADI
9 (RLIN) 5891
Kişisel Ad Altar, Cevad Memduh
Bir Adıyla İlişkilendirilen Tarihler 1902-1995
Genel Alt Bölümü Anılar
650 #0 - KONU KATMA GİRİŞ - TOPİKAL DÖNEM
9 (RLIN) 5892
Topikal Süreli Veya Coğrafi Ad Giriş Elemanı Müzikologlar
Genel Alt Bölümü yaşamöyküsü
Coğrafi Alt Bölümü Türkiye
650 #0 - KONU KATMA GİRİŞ - TOPİKAL DÖNEM
9 (RLIN) 5893
Topikal Süreli Veya Coğrafi Ad Giriş Elemanı Müzik
Genel Alt Bölümü Tarih
Coğrafi Alt Bölümü Türkiye
Kronolojik Alt Bölümü 20.yy
700 ## - KATMA GİRİŞ - KİŞİSEL İSİM
9 (RLIN) 5894
Kişisel Ad Altar, Ahmet
Relator Terim yay. haz.
740 ## - KATMA GİRİŞ - KONTROLSUZ İLGİLİ / ANALİTİK BAŞLIK
Kontrol Edilmeyen / İlgili Analitik Başlıktaki Atatürk'ün önderliğinde Türkiye'nin çağdaş sanat mücadelesi /
740 ## - KATMA GİRİŞ - KONTROLSUZ İLGİLİ / ANALİTİK BAŞLIK
Kontrol Edilmeyen / İlgili Analitik Başlıktaki Cevad Memduh Altar anıları
942 ## - EKLENDİ GİRİŞ ELEMANLARI (KOHA)
Sınıflandırma Veya Raf Düzeni Kaynak Dewey Decimal Classification
Koha Öğesi Türü Books
Holdings
Kalıcı Konum Mevcut Konum Edinme Tarihi Toplam Check-Out'Lar Tam Çağrı Numarası Barkod Tarih Son Görülme İtibaren Geçerli Fiyatlar Koha Öğesi Türü
CHP Kütüphanesi CHP Kütüphanesi 07/19/2019   927.780 S25 2019 019285 07/19/2019 07/19/2019 Books